Zoológicos humanos: Fotografías de fueguinos y mapuche en el Jardin d`Acclimatation de París, siglo XIX

Saved in:
Bibliographic Details
Main Authors: Báez A., Christian (Author), Mason, Peter (Author)
Format: Book
Language:Spanish
Published: Santiago Pehuén 2006
Edition:1a. ed
Series:Biblioteca del Bicentenario
Subjects:
Tags: Add Tag
No Tags, Be the first to tag this record!

MARC

LEADER 00000cam a2200000 a 4500
001 UCH0550
003 CL-VaPUC
008 090312e20061100CL |||||||||||||||||spa|d
020 |a 9789561604124 
082 0 4 |a 779.9421  |b BAE  |2 21 
100 |a Báez A., Christian  |e author  |9 540147 
700 0 |a Mason, Peter  |e author  |9 534782 
245 1 0 |a Zoológicos humanos: Fotografías de fueguinos y mapuche en el Jardin d`Acclimatation de París, siglo XIX 
250 |a 1a. ed 
300 |a 107 p 
942 |c BK 
945 |d 20090312 00:00:00  |a dcastane 
260 |a Santiago  |b Pehuén  |c 2006 
600 0 7 |a MAPUCHE  |2 CL-VaPUC  |9 476051 
600 0 7 |a FUEGUINOS  |2 CL-VaPUC  |9 509035 
650 0 |a Fotografía documental   |9 268698 
650 7 |a ETNIAS  |2 CL-VaPUC  |9 375976 
650 0 |a Figuras humanas   |9 489667 
650 7 |a FUEGUINOS  |2 CL-VaPUC  |9 509035 
650 7 |a MAPUCHE  |2 CL-VaPUC  |9 476051 
650 0 |a Desnudos  |9 534783 
583 |a last modification  |c 20190723 04:18:21  |k Rodrigo Vera 
490 0 |a Biblioteca del Bicentenario 
999 |c 332843  |d 332841 
952 |0 0  |1 0  |4 0  |6 779_942100000000000_BAE_2006  |7 0  |8 R  |9 420844  |a BIBART  |b BIBART  |d 2019-11-22  |i 4521676  |o 779.9421 BAE 2006  |p 4521676  |r 2025-03-13  |w 2019-11-22  |y BK_R  |k ART 
952 |0 0  |1 0  |4 0  |6 779_942100000000000_BAE_2006  |7 0  |8 X  |9 420845  |a FDOBUD  |b FDOBUD  |d 2019-11-22  |i 4592743  |o 779.9421 BAE 2006  |p 4592743  |r 2019-11-22  |w 2019-11-22  |y BK_X  |k BUD